000 00539nam a22001937a 4500
003 KOHA_MİRAKIL
005 20240930101038.0
008 240929b2022 tu ||||| |||| 00| 0 tur d
020 _a9786052952344
040 _aTR-AnABB
_btur
_cTR-AnABB
041 _atur
082 _a813.42
_bALT 2022
100 _aAltun, Selçuk.
245 0 _aArdıç ağacının altında /
_cSelçuk Altun.
260 _aİstanbul :
_bTürkiye İş Bankası,
_c2022.
300 _a270 sayfa ;
_c21 cm.
650 _aTürk edebiyatı, roman
942 _2ddc
_cBK
999 _c3226
_d3226